00433nam a2200145Ia 4500003000900000008004100009040001600050080001600066100001400082245008600096260004800182300002300230650001700253650001700270IN-BaIIA211028s9999 xx 000 0 eng d cIIA Library a083:52bCRU aCruls, L. 0aMethodo para determinar as horas das occultacoes de estrellas pele luacL. Cruls  aRio de JaneirobTypographia Leuzingerc1899 a[various pagings.] aAstrophysics aOccultations